Score 0/30 Timer 08:00
3 Plays Today
% Correct
Thor
96.4%
Amadeus
96%
Dirty Work
93.4%
Free Willy
93.3%
King Arthur
91.8%
The Great Muppet Caper
91.4%
Notting Hill
88.5%
Cool Hand Luke
87.2%
Batman & Robin
86.7%
Sling Blade
85.9%
Quiz Show
85%
Lethal Weapon
83.3%
Zoolander
81.3%
First Blood
81.2%
Twister
80.8%
% Correct
Heat
80.5%
M*A*S*H
80.2%
Big
80.1%
Love Actually
78.9%
Miracle
78.8%
The Raven
78.5%
Iron Will
76.9%
Casablanca
76.1%
The Phantom of the Opera
75.4%
Divergent
74.7%
Saving Private Ryan
74%
Rain Man
69.8%
The Wolverine
63%
George of the Jungle
61.7%
Galaxy Quest
37.8%
Remove Ads.
Support Sporcle.
Get the best of Sporcle when you Go Orange. This ad-free experience offers more features, more stats, and more fun while also helping to support Sporcle. Thank you for becoming a member.

You're not logged in!

Compare scores with friends on all Sporcle quizzes.
OR
Log In

Show Comments

Extras

Top Quizzes Today


Score Distribution

Your Account Isn't Verified!

In order to create a playlist on Sporcle, you need to verify the email address you used during registration. Go to your Sporcle Settings to finish the process.

Report this User

Report this user for behavior that violates our Community Guidelines.

Details: